[Event "OLNN 1819 SK Johanneum Eppendorf - SK M"]
[Site "?"]
[Date "2018.10.21"]
[Round "1.6"]
[White "Keyser, Robin"]
[Black "Diekmann, Jens"]
[Result "1-0"]
[WhiteElo "1999"]
[BlackElo "2059"]
[PlyCount "139"]
[EventDate "2018.??.??"]

1. d4 Nf6 2. c4 e6 3. g3 Bb4+ 4. Bd2 Be7 5. Bg2 O-O 6. Nf3 d5 7. O-O Nbd7 8.
Qc2 Ne4 9. Bf4 c6 10. Nc3 Ndf6 11. Ne5 Nxc3 12. Qxc3 dxc4 13. Qxc4 Qb6 14. b3
Rd8 15. Rfd1 Bd7 16. e4 Rac8 17. Qc2 Be8 18. Nc4 Qb5 19. Bf3 Qa6 20. a4 b6 21.
Qe2 h6 22. h4 Bb4 23. Be5 Nh7 24. d5 Qb7 25. dxe6 fxe6 26. Bd6 c5 27. Bg4 Bf7
28. Bf4 Qe7 29. Nd6 Rc6 30. e5 Bc3 31. Rac1 Bb4 32. Nxf7 Kxf7 33. Rxd8 Qxd8 34.
Qf3 Qd5 35. Qxd5 exd5 36. Bf3 Rc8 37. Bxd5+ Ke7 38. Be4 Nf8 39. Rd1 Bc3 40. Bf5
Rd8 41. Rxd8 Kxd8 42. Kg2 Nd7 43. e6 Ne5 44. Be4 Ke7 45. Bxe5 Bxe5 46. f4 Bc3
47. Bd5 Bb2 48. Bc4 Bc3 49. Kf3 Bd4 50. h5 Bc3 51. Ke4 Kd6 52. Kf5 Ke7 53. g4
Bb2 54. g5 hxg5 55. fxg5 Bc3 56. Kg6 Kf8 57. Kh7 Bd4 58. g6 Bc3 59. h6 gxh6 60.
Kxh6 Bf6 61. e7+ Kxe7 62. g7 Bxg7+ 63. Kxg7 Kd6 64. Kf6 Kc6 65. Ke6 Kc7 66. Ba6
Kc6 67. Ke5 Kc7 68. Ke6 Kc6 69. Ke7 Kc7 70. Ke8 1-0

[Event "OLNN 1819 SK Johanneum Eppendorf - SK M"]
[Site "?"]
[Date "2018.10.21"]
[Round "1.7"]
[White "Peschke, Matthias"]
[Black "Schueler, Hendrik"]
[Result "1/2-1/2"]
[WhiteElo "1983"]
[BlackElo "2137"]
[PlyCount "93"]
[EventDate "2018.??.??"]

1. c4 Nf6 2. g3 c5 3. Bg2 Nc6 4. Nc3 d6 5. e4 h5 6. h4 g6 7. Nge2 Bg7 8. d3 O-O
9. Bg5 Rb8 10. Qd2 Bd7 11. O-O Ne8 12. Bh6 Nc7 13. Bxg7 Kxg7 14. d4 b6 15. b3
e5 16. dxe5 dxe5 17. Qd6 Ne8 18. Qd5 Nc7 19. Qd6 Ne8 20. Qd5 Nf6 21. Qd6 Rb7
22. Rad1 Qb8 23. Qd2 Bg4 24. f3 Be6 25. Qg5 Nh7 26. Qe3 Nd4 27. Nd5 Bxd5 28.
exd5 Re8 29. g4 f5 30. gxh5 gxh5 31. Kh1 Qd8 32. Qf2 Nxe2 33. Qxe2 Qxh4+ 34.
Kg1 Qf6 35. f4 Rbe7 36. Qxh5 exf4 37. d6 Re3 38. Rd5 Ng5 39. d7 Rd8 40. Rxf4
Re1+ 41. Kf2 Qe7 42. Rd3 Rc1 43. Re3 Rc2+ 44. Kf1 Rc1+ 45. Kf2 Rc2+ 46. Kf1
Rc1+ 47. Kf2 1/2-1/2

[Event "OLNN 1819 SK Johanneum Eppendorf - SK M"]
[Site "?"]
[Date "2018.10.21"]
[Round "1.8"]
[White "Johannsen, Dennis"]
[Black "Anderberg, Peter"]
[Result "0-1"]
[WhiteElo "2126"]
[BlackElo "1983"]
[PlyCount "87"]
[EventDate "2018.??.??"]

1. Nf3 d5 2. g3 c5 3. Bg2 Nc6 4. d4 e6 5. O-O Nf6 6. c4 dxc4 7. Qa4 Bd7 8. Qxc4
cxd4 9. Nxd4 Rc8 10. Nxc6 Bxc6 11. Bxc6+ Rxc6 12. Qb5 Qc8 13. Nc3 Be7 14. Be3
a6 15. Qb3 O-O 16. Rfd1 Rd8 17. Rxd8+ Bxd8 18. Qb4 Rc4 19. Qa3 Ng4 20. Ba7 Bf6
21. Rd1 g6 22. h3 Ne5 23. Bb6 Nd7 24. Be3 Nc5 25. Qa5 Kg7 26. Qb6 Na4 27. Nxa4
Rxa4 28. Bd4 Rxd4 29. Rxd4 Bxd4 30. Qxd4+ Kg8 31. Kh2 Qc7 32. a3 Qc6 33. Qe5 h5
34. g4 hxg4 35. hxg4 Qd7 36. Kg3 Qe7 37. e3 f6 38. Qd4 Qc7+ 39. Qf4 Qxf4+ 40.
Kxf4 Kg7 41. g5 Kf7 42. gxf6 Kxf6 43. Ke4 g5 44. b3 0-1

[Event "OLNN 1819 Preetzer TSV - SG Turm Kiel I"]
[Site "?"]
[Date "2018.10.21"]
[Round "1.1"]
[White "Berg, Klaus"]
[Black "Pedersen, Steffen"]
[Result "1/2-1/2"]
[WhiteElo "2301"]
[BlackElo "2348"]
[PlyCount "24"]
[EventDate "2018.??.??"]

1. d4 d5 2. c4 e6 3. Nc3 Be7 4. Nf3 Nf6 5. e3 a6 6. b3 c5 7. dxc5 Bxc5 8. Bb2
O-O 9. Be2 dxc4 10. Qxd8 Rxd8 11. Bxc4 b5 12. Be2 Bb7 1/2-1/2

[Event "OLNN 1819 Preetzer TSV - SG Turm Kiel I"]
[Site "?"]
[Date "2018.10.21"]
[Round "1.2"]
[White "Schwarz, Frank"]
[Black "Michna, Marta"]
[Result "1-0"]
[WhiteElo "2221"]
[BlackElo "2329"]
[PlyCount "107"]
[EventDate "2018.??.??"]

1. c4 d6 2. g3 e5 3. Bg2 g6 4. Nc3 Bg7 5. e3 Nf6 6. Nge2 O-O 7. O-O c6 8. d4
Qe7 9. b3 e4 10. Ba3 h5 11. Qd2 Re8 12. b4 Bf5 13. b5 Nh7 14. Nf4 Nd7 15. bxc6
bxc6 16. c5 d5 17. Rab1 Ndf6 18. Qe2 Bh6 19. Rb3 Bg4 20. Qa6 g5 21. Nfe2 Qe6
22. Rb7 Qc8 23. Rfb1 h4 24. Qa5 Qe6 25. Rxa7 Rxa7 26. Qxa7 Bh3 27. Bh1 Ng4 28.
Nd1 Bf8 29. Rb8 hxg3 30. Nxg3 Rxb8 31. Qxb8 f5 32. Bc1 Nhf6 33. a4 f4 34. exf4
e3 35. Nxe3 Nxe3 36. Bxe3 Ng4 37. f5 Qe7 38. Qb3 Qa7 39. Bg2 Qh7 40. Bf3 Nxh2
41. Bxd5+ cxd5 42. Qxd5+ Kh8 43. Kxh2 Bxf5+ 44. Kg1 Bg6 45. Bxg5 Qa7 46. Bf6+
Kh7 47. Qh1+ Kg8 48. Qh8+ Kf7 49. Be5 Qa6 50. Qh4 Be7 51. Qf4+ Ke8 52. Qg4 Qd3
53. c6 Qb1+ 54. Kg2 1-0

[Event "OLNN 1819 Preetzer TSV - SG Turm Kiel I"]
[Site "?"]
[Date "2018.10.21"]
[Round "1.3"]
[White "Boe, Mads"]
[Black "Reinecker, Kai"]
[Result "1/2-1/2"]
[WhiteElo "2304"]
[BlackElo "2255"]
[PlyCount "23"]
[EventDate "2018.??.??"]

1. d4 Nf6 2. Nf3 b6 3. Bg5 Ne4 4. Bf4 e6 5. h3 Ba6 6. Nbd2 d5 7. c3 Bd6 8. Bxd6
Qxd6 9. e3 Bxf1 10. Rxf1 Nxd2 11. Qxd2 Nd7 12. Qe2 1/2-1/2

[Event "OLNN 1819 Preetzer TSV - SG Turm Kiel I"]
[Site "?"]
[Date "2018.10.21"]
[Round "1.4"]
[White "Light, Bjarne"]
[Black "Junge, Ralph"]
[Result "0-1"]
[WhiteElo "2182"]
[BlackElo "2262"]
[PlyCount "80"]
[EventDate "2018.??.??"]

1. c4 b6 2. Nc3 Bb7 3. e4 e6 4. d3 g6 5. Nf3 Bg7 6. g3 Ne7 7. Bg2 d5 8. cxd5
exd5 9. O-O O-O 10. Bg5 h6 11. Bf4 Na6 12. Qe2 Nc5 13. Rfd1 Re8 14. Rac1 Ne6
15. Bd2 Ba6 16. Be1 dxe4 17. Nxe4 Nd5 18. Qc2 c5 19. a3 Qd7 20. Nc3 Rad8 21.
Nxd5 Qxd5 22. Bc3 Bb7 23. Bxg7 Kxg7 24. b4 Nd4 25. Qb2 Kg8 26. Nh4 Qd7 27. Bxb7
Ne2+ 28. Kf1 Qxb7 29. Ng2 Nxc1 30. Qxc1 Qf3 31. Qc2 c4 32. d4 b5 33. Qd2 Re4
34. d5 Rde8 35. Kg1 Re2 36. Qd4 R8e4 37. Qxa7 Rxf2 38. Nh4 Qxd1+ 39. Kxf2 Re2+
40. Kf3 Qf1+ 0-1

[Event "OLNN 1819 Preetzer TSV - SG Turm Kiel I"]
[Site "?"]
[Date "2018.10.21"]
[Round "1.5"]
[White "Zeller, Joerg"]
[Black "Willsch, Matthias"]
[Result "1-0"]
[WhiteElo "2165"]
[BlackElo "2198"]
[PlyCount "79"]
[EventDate "2018.??.??"]

1. Nf3 d5 2. g3 Nc6 3. d4 Bg4 4. Bg2 Qd7 5. c3 f6 6. b4 a6 7. Nbd2 e5 8. Nb3 b6
9. a3 Nge7 10. Bb2 Nf5 11. dxe5 fxe5 12. c4 dxc4 13. Qxd7+ Kxd7 14. Nbd2 Bd6
15. Nxc4 Rae8 16. e3 Rhf8 17. Ng5 h6 18. Ne4 b5 19. Ncd2 Nd8 20. Rc1 Ne7 21.
Nc5+ Bxc5 22. Rxc5 Ng6 23. O-O Ne6 24. Bc6+ Ke7 25. Bxe8 Rxe8 26. Rc2 Ng5 27.
f3 Bh3 28. Re1 Rd8 29. Kf2 e4 30. f4 Ne6 31. Nb3 Bg4 32. Rd2 Rd3 33. Rxd3 exd3
34. Bc3 Ngf8 35. e4 Nd7 36. Ke3 c5 37. bxc5 Ndxc5 38. Nxc5 Nxc5 39. Bb4 Kd6 40.
Rc1 1-0

[Event "OLNN 1819 Preetzer TSV - SG Turm Kiel I"]
[Site "?"]
[Date "2018.10.21"]
[Round "1.6"]
[White "Schuette, Andreas"]
[Black "Boehm, Thomas"]
[Result "1/2-1/2"]
[WhiteElo "2146"]
[BlackElo "2120"]
[PlyCount "85"]
[EventDate "2018.??.??"]

1. d4 d5 2. Nc3 Nf6 3. Bg5 Nbd7 4. Qd3 c6 5. Nf3 Qa5 6. Bd2 Qc7 7. e4 dxe4 8.
Nxe4 Nxe4 9. Qxe4 Nf6 10. Qe5 Qxe5+ 11. Nxe5 Bf5 12. O-O-O e6 13. f3 h6 14. g4
Bh7 15. h4 h5 16. g5 Nd7 17. Bf4 Nxe5 18. Bxe5 Bf5 19. Bd3 Bxd3 20. Rxd3 Rg8
21. c4 O-O-O 22. Kc2 Bd6 23. Re1 Bxe5 24. Rxe5 g6 25. d5 exd5 26. cxd5 Rge8 27.
Rxe8 Rxe8 28. dxc6 bxc6 29. Kd2 Re7 30. Rd4 Kc7 31. Kd3 Kb6 32. Re4 Rd7+ 33.
Kc3 Kc5 34. Rc4+ Kb6 35. Rf4 Kc5 36. b4+ Kb5 37. Rf6 c5 38. bxc5 Kxc5 39. a4
Kd5 40. Kb4 Rb7+ 41. Kc3 Rc7+ 42. Kd3 Rb7 43. Kc3 1/2-1/2

[Event "OLNN 1819 Preetzer TSV - SG Turm Kiel I"]
[Site "?"]
[Date "2018.10.21"]
[Round "1.7"]
[White "Budzyn, Matthias"]
[Black "Dittmann, Hans-Adolf"]
[Result "1-0"]
[WhiteElo "2124"]
[BlackElo "2062"]
[PlyCount "93"]
[EventDate "2018.??.??"]

1. e4 c5 2. c3 d5 3. exd5 Qxd5 4. d4 Nc6 5. Nf3 Bg4 6. Be2 cxd4 7. cxd4 e6 8.
O-O Nf6 9. h3 Bh5 10. Nc3 Qd7 11. Be3 Be7 12. Qb3 O-O 13. Ne5 Nxe5 14. dxe5
Bxe2 15. exf6 Bxf1 16. fxe7 Qxe7 17. Rxf1 b6 18. Bf4 Rac8 19. Re1 Qf6 20. Be5
Qf5 21. Nb5 Rc2 22. Qg3 Qg6 23. Bc3 Qxg3 24. fxg3 e5 25. Na3 Rxc3 26. bxc3 f6
27. Kf2 Rc8 28. Re3 Kf7 29. Ke2 Ke6 30. Kd2 Rc5 31. c4 f5 32. Kc3 g5 33. Re2
Ra5 34. Kb3 h5 35. Nb5 a6 36. Nd4+ Kf6 37. Nc6 Rc5 38. Nb8 Ke6 39. Nxa6 Ra5 40.
Nc7+ Kd6 41. Nb5+ Ke6 42. Rd2 f4 43. gxf4 gxf4 44. Rd6+ Kf5 45. Rxb6 Ra8 46.
Nd6+ Kg5 47. c5 1-0

[Event "OLNN 1819 Preetzer TSV - SG Turm Kiel I"]
[Site "?"]
[Date "2018.10.21"]
[Round "1.8"]
[White "Kornrumpf, Joachim"]
[Black "Luckow, Rolf"]
[Result "0-1"]
[WhiteElo "2050"]
[BlackElo "2194"]
[PlyCount "30"]
[EventDate "2018.??.??"]

1. b3 e5 2. Bb2 Nc6 3. e3 d5 4. Bb5 Bd6 5. f4 Qh4+ 6. g3 Qe7 7. Nf3 f6 8. fxe5
fxe5 9. Bxc6+ bxc6 10. Nxe5 Nf6 11. Nf3 O-O 12. Nc3 Bg4 13. O-O Ne4 14. h3 Bxh3
15. Ne2 Bxf1 0-1

[Event "OLNN 1819 SF Schwerin - SG Turm Kiel II"]
[Site "?"]
[Date "2018.11.11"]
[Round "2.1"]
[White "Berg, Klaus"]
[Black "Horvath, Csaba"]
[Result "0-1"]
[WhiteElo "2300"]
[BlackElo "2507"]
[PlyCount "48"]
[EventDate "2018.??.??"]

1. d4 Nf6 2. Nf3 d6 3. c4 Nbd7 4. Nc3 e5 5. e4 c6 6. Be2 Be7 7. O-O a6 8. d5
Qc7 9. Be3 Nf8 10. Ne1 Ng6 11. Nd3 h6 12. Rc1 c5 13. b4 cxb4 14. Nxb4 Nd7 15.
Qd2 O-O 16. g3 Nb6 17. Qd3 f5 18. exf5 Bxf5 19. Ne4 Na4 20. c5 Qa5 21. g4 Nf4
22. Bxf4 Bxe4 23. Qxe4 Rxf4 24. Qg6 Qxb4 0-1

[Event "OLNN 1819 SF Schwerin - SG Turm Kiel II"]
[Site "?"]
[Date "2018.11.11"]
[Round "2.2"]
[White "Danielsen, Henrik"]
[Black "Michna, Marta"]
[Result "1/2-1/2"]
[WhiteElo "2504"]
[BlackElo "2327"]
[PlyCount "121"]
[EventDate "2018.??.??"]

1. Nf3 d6 2. d4 Nf6 3. c4 Nbd7 4. Nc3 e5 5. e4 g6 6. Be2 Bg7 7. O-O O-O 8. Qc2
c6 9. Rd1 Qc7 10. Rb1 a6 11. dxe5 dxe5 12. b4 b5 13. c5 Re8 14. Bb2 Nf8 15. a4
Nh5 16. g3 Bg4 17. axb5 axb5 18. Ne1 Bxe2 19. Nxe2 Rad8 20. Qb3 Nf6 21. f3 Ne6
22. Nd3 Nd7 23. Nf2 Ndf8 24. Kg2 h5 25. h4 Qe7 26. Rxd8 Rxd8 27. Rd1 Nd4 28.
Bxd4 exd4 29. f4 Qe6 30. Qxe6 Nxe6 31. Rd3 Ra8 32. f5 gxf5 33. exf5 Nc7 34.
Nxd4 Bxd4 35. Rxd4 Nd5 36. Nd3 Ne7 37. Kf3 Nxf5 38. Rd7 Re8 39. Nf4 Re3+ 40.
Kf2 Rb3 41. Nxh5 Rxb4 42. Rc7 Rb2+ 43. Kf3 Rc2 44. Nf6+ Kg7 45. Ne8+ Kg8 46. h5
b4 47. g4 Nd4+ 48. Ke4 Ne6 49. Rxc6 Re2+ 50. Kd3 Nf4+ 51. Kc4 Rxe8 52. Kxb4
Nd3+ 53. Kb5 Ne5 54. Rd6 Rb8+ 55. Rb6 Rc8 56. g5 Nd7 57. c6 Nxb6 58. Kxb6 f5
59. gxf6 Kf7 60. Kb7 Rxc6 61. Kxc6 1/2-1/2

[Event "OLNN 1819 SF Schwerin - SG Turm Kiel II"]
[Site "?"]
[Date "2018.11.11"]
[Round "2.3"]
[White "Boe, Mads"]
[Black "Horvath, Jozsef"]
[Result "1/2-1/2"]
[WhiteElo "2310"]
[BlackElo "2494"]
[PlyCount "74"]
[EventDate "2018.??.??"]

1. e4 d6 2. d4 Nf6 3. Nc3 Nbd7 4. Nf3 e5 5. Bc4 exd4 6. Qxd4 Be7 7. O-O O-O 8.
h3 Nb6 9. Be2 Nfd7 10. Nd5 Nxd5 11. exd5 Bf6 12. Qb4 a5 13. Qa3 Qe7 14. Be3 Qe4
15. Rfd1 Qxc2 16. Rd2 Qg6 17. Rc1 Nc5 18. Bxc5 dxc5 19. Bd3 Bf5 20. Bxf5 Qxf5
21. Qxc5 b6 22. Qc2 Qxc2 23. Rdxc2 Rad8 24. b3 Rxd5 25. Rxc7 h6 26. R7c6 b5 27.
R6c5 Rfd8 28. Rxd5 Rxd5 29. Kf1 a4 30. bxa4 bxa4 31. Rc8+ Kh7 32. Ra8 Rb5 33.
Rxa4 Rb1+ 34. Ke2 Rb2+ 35. Kf1 Rb1+ 36. Ke2 Rb2+ 37. Kf1 Rb1+ 1/2-1/2

[Event "OLNN 1819 SF Schwerin - SG Turm Kiel II"]
[Site "?"]
[Date "2018.11.11"]
[Round "2.4"]
[White "Seres, Lajos"]
[Black "Boehm, Thomas"]
[Result "1-0"]
[WhiteElo "2425"]
[BlackElo "2121"]
[PlyCount "41"]
[EventDate "2018.??.??"]

1. d4 d5 2. c4 e6 3. Nf3 c6 4. Qc2 dxc4 5. Qxc4 Nf6 6. Bg5 b5 7. Qc2 Bb7 8. e4
Qa5+ 9. Nbd2 Nbd7 10. Bd3 c5 11. O-O Rc8 12. a4 cxd4 13. axb5 Qb4 14. Qb1 Bc5
15. Rc1 Bb6 16. Rxc8+ Bxc8 17. Nc4 O-O 18. e5 Ne4 19. Bxe4 Qxc4 20. Bxh7+ Kh8
21. Qe4 1-0

[Event "OLNN 1819 SF Schwerin - SG Turm Kiel II"]
[Site "?"]
[Date "2018.11.11"]
[Round "2.5"]
[White "Budzyn, Matthias"]
[Black "De Jong, Migchiel"]
[Result "0-1"]
[WhiteElo "2132"]
[BlackElo "2315"]
[PlyCount "104"]
[EventDate "2018.??.??"]

1. e4 e6 2. d4 d5 3. e5 c5 4. c3 Qb6 5. Nf3 Nc6 6. a3 Bd7 7. b4 cxd4 8. cxd4
Rc8 9. Bb2 Nge7 10. Bd3 Na5 11. O-O Nc4 12. Bc1 a5 13. Nbd2 axb4 14. axb4 Bb5
15. Nb3 Nc6 16. Ng5 Qc7 17. Nc5 Nd8 18. Qh5 g6 19. Qh3 b6 20. Ncxe6 fxe6 21.
Bxg6+ hxg6 22. Qxh8 Nxe5 23. Re1 Nef7 24. Qf6 Nxg5 25. Bxg5 Qf7 26. Rec1 Qxf6
27. Bxf6 Rxc1+ 28. Rxc1 Nc6 29. g4 Bxb4 30. h4 Kf7 31. Bg5 Bc4 32. Be3 b5 33.
Ra1 Ba5 34. Kg2 b4 35. Bd2 Bb6 36. Ra8 b3 37. Bc1 Bxd4 38. Rc8 Ke7 39. Ba3+ Kd7
40. Rg8 Bd3 41. h5 gxh5 42. gxh5 b2 43. Bxb2 Bxb2 44. h6 d4 45. h7 Be4+ 46. Kf1
d3 47. h8=Q Bxh8 48. Rxh8 Ne5 49. Ke1 Nc4 50. Rf8 d2+ 51. Kd1 Bc6 52. Ke2 Ba4
0-1

[Event "OLNN 1819 SF Schwerin - SG Turm Kiel II"]
[Site "?"]
[Date "2018.11.11"]
[Round "2.6"]
[White "Kesten, Sebastian"]
[Black "Luckow, Rolf"]
[Result "1/2-1/2"]
[WhiteElo "2295"]
[BlackElo "2200"]
[PlyCount "57"]
[EventDate "2018.??.??"]

1. d4 d5 2. c4 c6 3. cxd5 cxd5 4. Nc3 Nf6 5. Bf4 a6 6. e3 Nc6 7. Bd3 e6 8. Rc1
Be7 9. Nf3 Nh5 10. Be5 Nf6 11. O-O Nxe5 12. Nxe5 O-O 13. Na4 Nd7 14. Nxd7 Bxd7
15. Nc5 Bc8 16. Qb3 b6 17. Na4 Bd7 18. Rc3 Bxa4 19. Qxa4 b5 20. Qc2 g6 21. Rc1
Bd6 22. Rc6 Qd7 23. h4 Rfb8 24. h5 Kg7 25. g3 Rb7 26. Kg2 Raa7 27. Be2 Rc7 28.
Bf3 Qe7 29. Qb3 1/2-1/2

[Event "OLNN 1819 SF Schwerin - SG Turm Kiel II"]
[Site "?"]
[Date "2018.11.11"]
[Round "2.7"]
[White "Cerny, Thorsten"]
[Black "Reichmann, Hendrik"]
[Result "0-1"]
[WhiteElo "2028"]
[BlackElo "2348"]
[PlyCount "64"]
[EventDate "2018.??.??"]

1. Nf3 g6 2. g3 Bg7 3. Bg2 c5 4. O-O Nc6 5. d3 d6 6. Nc3 e6 7. Bf4 h6 8. e4
Nge7 9. e5 dxe5 10. Be3 b6 11. Nd2 Bb7 12. Nc4 O-O 13. Qd2 Nf5 14. a4 Rb8 15.
a5 Ncd4 16. Ne4 Bd5 17. axb6 axb6 18. b3 Kh7 19. Qd1 Ne7 20. c3 Nb5 21. b4 cxb4
22. cxb4 f5 23. Nxb6 fxe4 24. dxe4 Bc6 25. Bc5 Nd4 26. Ra7 Re8 27. Nc4 Bb5 28.
Nd6 Bxf1 29. Bxf1 Ndc6 30. Ra6 Rf8 31. b5 Nd4 32. Ra7 Nxb5 0-1

[Event "OLNN 1819 SF Schwerin - SG Turm Kiel II"]
[Site "?"]
[Date "2018.11.11"]
[Round "2.8"]
[White "Schulz, Karsten"]
[Black "Sieweck, Philipp"]
[Result "1/2-1/2"]
[WhiteElo "2247"]
[BlackElo "2014"]
[PlyCount "207"]
[EventDate "2018.??.??"]

1. Nf3 d5 2. c4 c6 3. g3 Nf6 4. Bg2 e6 5. b3 Be7 6. Bb2 O-O 7. O-O b5 8. Qc2
Bb7 9. d3 Qb6 10. Nbd2 Rd8 11. Rac1 Nbd7 12. a3 a5 13. cxb5 cxb5 14. Qb1 Rac8
15. b4 axb4 16. axb4 Rxc1 17. Rxc1 Rc8 18. Rxc8+ Bxc8 19. Bc3 e5 20. e3 Bd6 21.
Qa1 Qa6 22. Qb2 Qa4 23. Nxe5 Nxe5 24. Bxe5 Bxe5 25. Qxe5 Qxb4 26. Qb8 Qf8 27.
Qxb5 Be6 28. Nb3 h6 29. Nc5 Bf5 30. e4 dxe4 31. dxe4 Bc8 32. h3 Qe8 33. Qb8 Nd7
34. Qb5 Nf6 35. Qb6 Nd7 36. Qc6 Nf6 37. Qd6 Qf8 38. Qc7 Kh8 39. e5 Ng8 40. Qd6
Qe8 41. Bc6 Qe7 42. Kg2 g6 43. Bd5 Kg7 44. g4 h5 45. Kg3 hxg4 46. hxg4 Qg5 47.
f3 Ne7 48. Be4 Nf5+ 49. Bxf5 gxf5 50. Nd7 Bxd7 51. Qxd7 f4+ 52. Kf2 Qxe5 53.
Qd2 Qc5+ 54. Kg2 Qe5 55. Kh3 Qf6 56. Qd5 Qh6+ 57. Kg2 Qf6 58. g5 Qg6 59. Qe5+
f6 60. Qe7+ Qf7 61. gxf6+ Kg6 62. Qe4+ Kg5 63. Qe5+ Kg6 64. Qxf4 Qxf6 65. Qe4+
Qf5 66. Qe8+ Kf6 67. Qd8+ Kg6 68. Qd6+ Qf6 69. Qd3+ Qf5 70. Qd4 Qf6 71. Qb4 Qe6
72. Kf2 Qf5 73. Ke3 Qg5+ 74. Kf2 Qf5 75. Qc4 Qf6 76. Qg8+ Kh6 77. Qd5 Kg6 78.
Ke3 Qc3+ 79. Kf2 Qf6 80. Qe4+ Qf5 81. Ke3 Kf6 82. Qh4+ Ke6 83. Qc4+ Kf6 84.
Qc6+ Kg5 85. Qd6 Qh3 86. Qe7+ Kg6 87. Qe8+ Kf6 88. Qf8+ Kg6 89. Qg8+ Kf6 90.
Qd5 Qf5 91. Qd6+ Kf7 92. Qc6 Qe5+ 93. Kd3 Qf5+ 94. Kd2 Qf4+ 95. Kd1 Qe3 96.
Qd5+ Kf6 97. Kc2 Qe2+ 98. Kb3 Qe6 99. Qxe6+ Kxe6 100. Kc4 Kf5 101. Kd3 Kf4 102.
Ke2 Kf5 103. Ke3 Ke5 104. f4+ 1/2-1/2

[Event "OLNN 1819 SK Marmstorf - Preetzer TSV"]
[Site "?"]
[Date "2018.11.11"]
[Round "2.1"]
[White "Pedersen, Steffen"]
[Black "Hebbinghaus, Holger"]
[Result "1/2-1/2"]
[WhiteElo "2335"]
[BlackElo "2284"]
[PlyCount "75"]
[EventDate "2018.??.??"]

1. d4 d5 2. c4 e6 3. Nf3 Nf6 4. g3 dxc4 5. Bg2 a6 6. O-O Nc6 7. Nc3 Bd7 8. Ne5
Na5 9. e4 Be7 10. Qe2 b5 11. d5 O-O 12. Rd1 Qe8 13. Nxd7 Nxd7 14. e5 Rc8 15. f4
Nc5 16. Be3 Nd3 17. b3 Bb4 18. Qc2 Qe7 19. bxc4 bxc4 20. Be4 Bc5 21. Qe2 Rfd8
22. Bxd3 cxd3 23. Rxd3 Nc4 24. Bf2 Bxf2+ 25. Qxf2 Nb6 26. d6 Qd7 27. Rad1 Qc6
28. Ne2 Nd5 29. Nd4 Qc5 30. Nf5 Qxf2+ 31. Kxf2 cxd6 32. Rxd5 exd5 33. Ne7+ Kf8
34. Nxc8 Rxc8 35. exd6 Rc2+ 36. Kf3 Ke8 37. Rxd5 Kd7 38. Ra5 1/2-1/2

[Event "OLNN 1819 SK Marmstorf - Preetzer TSV"]
[Site "?"]
[Date "2018.11.11"]
[Round "2.2"]
[White "Hawellek, Jeronimo"]
[Black "Schwarz, Frank"]
[Result "1-0"]
[WhiteElo "2277"]
[BlackElo "2232"]
[PlyCount "81"]
[EventDate "2018.??.??"]

1. d4 d5 2. c4 c6 3. Nc3 dxc4 4. e4 b5 5. a4 b4 6. Nce2 Nf6 7. Ng3 Ba6 8. Nf3
e6 9. Be3 Qa5 10. Be2 Nbd7 11. O-O Be7 12. Nd2 O-O 13. Nxc4 Bxc4 14. Bxc4 c5
15. e5 Ne8 16. Re1 Nb6 17. Bb3 c4 18. Bc2 Nd5 19. Qg4 Nxe3 20. Rxe3 Rd8 21. Ne2
g6 22. Rh3 Ng7 23. Qf4 h5 24. Qh6 b3 25. Be4 Rd7 26. g4 Qd8 27. Qf4 Bg5 28. Qf3
h4 29. Qc3 f5 30. gxf5 gxf5 31. Bc6 Rc7 32. Qxc4 Qc8 33. d5 Rff7 34. Qxb3 f4
35. Nd4 Rf8 36. Kh1 exd5 37. Bxd5+ Kh7 38. Nf3 Rc1+ 39. Rxc1 Qxc1+ 40. Kg2 Bh6
41. Be4+ 1-0

[Event "OLNN 1819 SK Marmstorf - Preetzer TSV"]
[Site "?"]
[Date "2018.11.11"]
[Round "2.3"]
[White "Reinecker, Kai"]
[Black "Ramme, Christoph"]
[Result "1/2-1/2"]
[WhiteElo "2256"]
[BlackElo "2155"]
[PlyCount "97"]
[EventDate "2018.??.??"]

1. e4 e6 2. d4 d5 3. Nd2 Nf6 4. e5 Nfd7 5. Bd3 c5 6. c3 Nc6 7. Ne2 cxd4 8. cxd4
f6 9. exf6 Nxf6 10. Nf3 Bd6 11. O-O Qc7 12. Nc3 a6 13. Bg5 O-O 14. Bh4 Nh5 15.
Bg3 Nxg3 16. hxg3 g6 17. Rc1 Qg7 18. Bb1 Bd7 19. Na4 Rac8 20. Nb6 Rcd8 21. Re1
Qf6 22. Re3 Bb8 23. Rc2 Ba7 24. Nxd7 Rxd7 25. Ne5 Rd6 26. Rf3 Qg7 27. Rxf8+
Qxf8 28. Qg4 Qf6 29. Nf3 Rd7 30. Re2 Nxd4 31. Nxd4 Bxd4 32. Kh2 Rd6 33. Qf4
Qxf4 34. gxf4 Kf7 35. Kg3 Rc6 36. Rd2 Bb6 37. Rc2 Kf6 38. Kf3 h6 39. b3 Rxc2
40. Bxc2 g5 41. fxg5+ hxg5 42. Bh7 e5 43. Ke2 e4 44. f3 Ke5 45. fxe4 dxe4 46.
g4 Bc5 47. Bf5 Bd4 48. Bc8 a5 49. Bxb7 {(=)} 1/2-1/2

[Event "OLNN 1819 SK Marmstorf - Preetzer TSV"]
[Site "?"]
[Date "2018.11.11"]
[Round "2.4"]
[White "Mueller, Jan-Hendrik"]
[Black "Junge, Kai"]
[Result "1-0"]
[WhiteElo "2112"]
[BlackElo "2211"]
[PlyCount "91"]
[EventDate "2018.??.??"]

1. e4 Nf6 2. e5 Nd5 3. d4 d6 4. c4 Nb6 5. exd6 cxd6 6. Nc3 g6 7. Be3 Bg7 8. Rc1
O-O 9. b3 Bf5 10. g4 Bc8 11. h4 f5 12. gxf5 Bxf5 13. h5 Nc6 14. hxg6 hxg6 15.
Nge2 e5 16. d5 Nd4 17. Nxd4 exd4 18. Bxd4 Qe7+ 19. Be2 Rae8 20. Qd2 Bg4 21.
Bxg7 Qxg7 22. Kf1 Bf5 23. Qh6 a6 24. Rd1 Nd7 25. Qxg7+ Kxg7 26. b4 Ne5 27. Rd4
Rc8 28. a4 Rc7 29. Ne4 Bxe4 30. Rxe4 b6 31. Kg2 Rcf7 32. Rf1 g5 33. c5 bxc5 34.
bxc5 Ng6 35. Bxa6 Nf4+ 36. Kg3 Rh8 37. f3 Rh3+ 38. Kf2 Nxd5 39. cxd6 Rfxf3+ 40.
Ke1 Ra3 41. d7 Rh2 42. Re2 Ra1+ 43. Kd2 Ra2+ 44. Kc1 Rhxe2 45. Bxe2 Nc3 46. Bc4
1-0

[Event "OLNN 1819 SK Marmstorf - Preetzer TSV"]
[Site "?"]
[Date "2018.11.11"]
[Round "2.5"]
[White "Light, Bjarne"]
[Black "Hohlbein, Michael"]
[Result "1-0"]
[WhiteElo "2189"]
[BlackElo "2118"]
[PlyCount "75"]
[EventDate "2018.??.??"]

1. c4 e5 2. g3 Nc6 3. Bg2 f5 4. Nc3 Nf6 5. Nf3 g6 6. d4 e4 7. Ng5 Bg7 8. O-O
O-O 9. f3 h6 10. Nh3 exf3 11. exf3 Nh5 12. d5 Ne5 13. d6 c6 14. c5 b6 15. Qc2
Ba6 16. Rd1 bxc5 17. Na4 c4 18. Nf2 Nd3 19. Nxd3 cxd3 20. Qb3+ Kh8 21. Be3 Rb8
22. Qa3 Qa5 23. Rab1 f4 24. Bf2 fxg3 25. hxg3 d2 26. b4 Qd5 27. Nc5 Be2 28. f4
Qxd6 29. Ne4 Qc7 30. Rxd2 Bg4 31. Qxa7 Rb7 32. Qc5 Bf5 33. Rb3 Be6 34. Nd6 Rbb8
35. Rbd3 Nf6 36. Bd4 Nd5 37. Bxg7+ Kxg7 38. Bxd5 1-0

[Event "OLNN 1819 SK Marmstorf - Preetzer TSV"]
[Site "?"]
[Date "2018.11.11"]
[Round "2.6"]
[White "Diekmann, Jens"]
[Black "Schwarzat, Julian"]
[Result "0-1"]
[WhiteElo "2047"]
[BlackElo "2098"]
[PlyCount "92"]
[EventDate "2018.??.??"]

1. c4 Nf6 2. Nc3 c5 3. e4 Nc6 4. g3 d6 5. Bg2 Nd4 6. d3 g6 7. Nge2 Bg4 8. h3
Bf3 9. O-O Bg7 10. Qa4+ Qd7 11. Qxd7+ Nxd7 12. Nxd4 Bxg2 13. Kxg2 cxd4 14. Ne2
Nc5 15. Rd1 a5 16. b3 O-O 17. Bb2 e5 18. Ba3 b6 19. b4 axb4 20. Bxb4 Ra4 21. a3
Rfa8 22. Rab1 Bf8 23. Rd2 Kg7 24. f4 Na6 25. Rb3 f5 26. exf5 gxf5 27. g4 Nxb4
28. axb4 Kf6 29. g5+ Kg6 30. h4 Ra2 31. Rdb2 Rxb2 32. Rxb2 Ra3 33. Rd2 h6 34.
b5 hxg5 35. hxg5 Bg7 36. Rd1 Ra2 37. Kf3 e4+ 38. Kf2 e3+ 39. Ke1 Kh5 40. Rb1
Kg4 41. Kf1 Kf3 42. Re1 Rd2 43. Ng1+ Kxf4 44. Re2 Rxd3 45. Kg2 Rc3 46. Ra2 d3
0-1

[Event "OLNN 1819 SK Marmstorf - Preetzer TSV"]
[Site "?"]
[Date "2018.11.11"]
[Round "2.7"]
[White "Willsch, Matthias"]
[Black "Peschke, Matthias"]
[Result "1-0"]
[WhiteElo "2187"]
[BlackElo "1987"]
[PlyCount "79"]
[EventDate "2018.??.??"]

1. d4 Nf6 2. c4 c5 3. d5 e6 4. Nc3 exd5 5. cxd5 d6 6. e4 g6 7. Bd3 Bg7 8. h3
O-O 9. Nf3 Re8 10. O-O a6 11. a4 Qc7 12. Re1 Nbd7 13. Bf4 c4 14. Bf1 Nh5 15.
Be3 f5 16. exf5 gxf5 17. Bd4 Rxe1 18. Qxe1 Ne5 19. Bxe5 dxe5 20. Qe2 Nf4 21.
Qxc4 Qf7 22. Re1 e4 23. Nd2 Qg6 24. Re3 Nh5 25. Be2 Be5 26. d6+ Be6 27. Bxh5
Qh6 28. Qe2 Bf4 29. Nf1 Kh8 30. Qd1 Rg8 31. Qd4+ Rg7 32. Be2 Bxe3 33. Qxe3 f4
34. Qxe4 Bxh3 35. Qe8+ Rg8 36. Qe5+ Rg7 37. Bf3 Qg6 38. Ne2 Bxg2 39. Nxf4 Bxf3+
40. Nxg6+ 1-0